01364 a2200181 4500003000500000005001700005040000900022082001000031245005500041260004400096300001100140505085500151538002901006650001501035942001201050999001901062952010101081Nust20170207153405.0 cNust a355.1 aPsychology for the Armed servicescEdwin G. Boring aWashingtonbThe Infantry journalc1975 a533 p. aThe Use of Psychology in War (Page-1), The Eye as a Military Instrument (Page-23), Visual Adaptation and Night Vision (Page-51), Color and Camouflage (Page-63), The Ear as a Military Instrument (Page-97), Smell in War (Page-130), Equilibrium and Bodily Orientation (Page-141), Topographical Orientation (Page-154), Efficiency and Fatigue (Page-167), Physical Conditions of Efficiency (Page-199), Selection of Men (Page-226), Learning (Page-264), Army Teaching (Page-300), Motivation and Moral (Page-312), Personal Adjustment (Page-344), Emotion Fear and Anger (Page-372), Sex (Page-395), Leadership (Page-410), Rumor (Page-432), Panic and Mobs (Page-445), Assessing Opinion and Discovering Fact (Page-464), Propaganda and Psychological Warfare (Page-485), Difference Among The Peoples of the World (Page-501), The Use of Psychology in War (Page-518), aAlmirah No.53 Shelf No.6 aPsychology 2ddccBK c185127d185127 00102ddc40708NFICaMCSbMCSd2016-12-12l0o355.1 PSYpMCS27921r2016-12-08w2016-12-12yBK